[Event "Landesjugendeinzelmeisterschaft M-V u16"]
[Site "Malchow 2024"]
[Date "2024.02.04"]
[Round "3.8"]
[White "Hampe, Florian"]
[Black "KÃ¶nig, Luca"]
[Result "1-0"]
[WhiteElo "1220"]
[BlackElo "936"]
[Time "14:30:00"]
[WhiteTeam "Lok Gymnas Pritzwalk"]
[BlackTeam "Think Rochade - SC HRO"]

1.d4 Nf6 2.c4 g6 3.Nc3 Bg7 4.e4 d6 5.Nf3 O-O 6.Bg5 h6 7.Bf4 c5 8.d5 Na6 9.Be2
Ne8 10.Qd2 g5 11.Bg3 f5 12.h3 f4 13.Bh2 e5 14.O-O-O Rb8 15.Ne1 Nac7 16.g3 a6
17.gxf4 gxf4 18.Ng2 b5 19.Nb1 b4 20.b3 a5 21.Qd3 Na6 22.Kd2 Bd7 23.Bg4 Bxg4
24.hxg4 f3 25.Ne3 h5 26.gxh5 Bh6 27.Rdg1+ Kh7 28.Ke1 Ng7 29.Bg3 Qe8 30.Nd2 Qf7
31.Ng4 Nxh5 32.Nxh6 Kxh6 33.Nf1 Nc7 {(=)} 34.Ne3 Ne8 35.Nf5+ Kh7 36.Qxf3 Ng7
37.Rg2 Kg6 38.Bxe5+ Kh7 39.Rxg7+ Qxg7 40.Bxg7 Kg8 41.Qxh5 Rf7 42.Qh8#
1-0

[Event "Landesjugendeinzelmeisterschaft M-V u16"]
[Site "Malchow 2024"]
[Date "2024.02.04"]
[Round "3.9"]
[White "Pommerehnke, Marla"]
[Black "Tadewaldt, Stanley Fiete"]
[Result "1/2-1/2"]
[WhiteElo "1112"]
[BlackElo "1287"]
[Time "14:30:00"]
[WhiteTeam "TuS Makkabi Rostock"]
[BlackTeam "SAV Torgelow-DrÃ¶geheide 90"]

1.d4 Nf6 2.Nf3 g6 3.Bf4 Bg7 4.e3 O-O 5.c3 d6 6.Be2 Nbd7 7.Nbd2 c5 8.h3 cxd4
9.exd4 Re8 10.O-O e5 11.dxe5 dxe5 12.Bh2 b6 13.Re1 Bb7 14.Bb5 Qc7 15.Re2 a6
16.Bxd7 Nxd7 17.Qe1 f6 18.Qd1 b5 19.Qb3+ Kf8 20.Qb4+ Qc5 21.a3 Qxb4 22.axb4 Rad8
23.Ne4 Bxe4 24.Rxe4
1/2-1/2

[Event "Landesjugendeinzelmeisterschaft M-V u18"]
[Site "Malchow 2024"]
[Date "2024.02.04"]
[Round "3.1"]
[White "Scharf, Christian"]
[Black "Tovmasyan, Minas"]
[Result "1/2-1/2"]
[WhiteElo "1557"]
[BlackElo "1779"]
[Time "14:30:00"]
[WhiteTeam "SG GÃ¼strow/Teterow"]
[BlackTeam "TuS Makkabi Rostock"]

1.e4 c5 2.Nf3 e6 3.d4 cxd4 4.Nxd4 a6 5.Bd3 Bc5 6.Nb3 Be7 7.Qg4 g6 8.Qe2 Nc6
9.O-O d5 10.exd5 exd5 11.Re1 Be6 12.Nc3 Qd6 13.g3 g5 14.f4 Nh6 15.fxg5 Nf5
16.Bf4 Qd8 17.Rad1 Qb6+ 18.Kh1 Ng7 19.Be3 Qc7 20.Nd4 O-O-O 21.Bxa6 Nxd4 22.Bxd4
bxa6 23.Bxg7 Rhg8 24.Qxa6+ Qb7 25.Qxb7+ Kxb7 26.Bf6 Bxf6 27.gxf6 Rg6 28.Rf1 d4
29.Ne2 Bc4 30.Rf2 Bxe2 31.Rxe2 Rxf6 32.Re4 Rc8 33.Rdxd4 Rxc2 34.Rf4 Re6 35.Rb4+
Ka6 36.Rfe4 Rd6 37.Red4 Re6 38.Re4 Rd6 39.Rbd4 Rf6 40.Rf4 Re6 41.Rf1 Ree2 42.Rh4
Rxb2 43.Rxh7 Rxa2 44.Rb1 Rf2 45.Rh6+ Ka7 46.Re1 Kb8 47.Rc1
1/2-1/2

[Event "Landesjugendeinzelmeisterschaft M-V u18"]
[Site "Malchow 2024"]
[Date "2024.02.04"]
[Round "3.2"]
[White "Wiechhusen, Laurin-Elias"]
[Black "Lippitz, Jaden"]
[Result "0-1"]
[WhiteElo "1640"]
[BlackElo "1633"]
[Time "14:30:00"]
[WhiteTeam "SF Schwerin"]
[BlackTeam "SG GÃ¼strow/Teterow"]

1.Nf3 d5 2.c4 Nf6 3.g3 c5 4.Bg2 Bf5 5.Qb3 Qb6 6.Qxb6 axb6 7.cxd5 Nxd5 8.Na3 Nb4
9.O-O g6 10.d3 Bg7 11.Nd2 Nxd3 12.Nb5 Ra5 13.Nc7+ Kd8 14.exd3 Kxc7 15.Nc4 Bxd3
16.Bf4+ e5 17.Nxe5 Bxf1 18.Kxf1 Kc8 19.Bh3+ f5 20.g4 Bxe5 21.Bxe5 Rf8 22.Re1 Nc6
23.Bg7 Rf7 24.gxf5 gxf5 25.Bh6 Rxa2 26.Bg2 Rxb2 27.Bd5 Re7 28.Ra1 Ree2 29.Bf8
Rxf2+ 30.Kg1 Rxh2 31.Bd6 Rh6 32.Bf4 Rg6+ 33.Kf1 Kd7 34.Rd1 Nd4
0-1

[Event "Landesjugendeinzelmeisterschaft M-V u18"]
[Site "Malchow 2024"]
[Date "2024.02.04"]
[Round "3.3"]
[White "Schulz, Bruno Andreas"]
[Black "ThormÃ¤hlen, Tjark"]
[Result "1-0"]
[WhiteElo "1737"]
[BlackElo "1517"]
[Time "14:30:00"]
[WhiteTeam "TuS Makkabi Rostock"]
[BlackTeam "SG GÃ¼strow/Teterow"]

1.d4 Nf6 2.c4 e6 3.Nf3 d5 4.Nc3 c5 5.e3 cxd4 6.Nxd4 a6 7.Be2 dxc4 8.Bxc4 b5
9.Qf3 Ra7 10.Bb3 Bb7 11.Qg3 g6 12.O-O Bg7 13.Rd1 Nbd7 14.e4 Nh5 15.Qh3 Qf6
16.Be3 Nc5 17.Nxe6 Nxb3 18.Nxg7+ Nxg7 19.Qd7+ Kf8 20.axb3 Ne6 21.Bxa7 b4 22.Qxb7
bxc3 23.bxc3 Kg7 24.Be3 Qxc3 25.Rac1 Qb2 26.Qb6 Qe2 27.Bd4+ Nxd4 28.Qxd4+ f6
29.Rc7+ Kh6 30.Qe3+ Qxe3 31.fxe3 Re8 32.Rdd7 Kg5 33.Kf2 Rxe4 34.g3 Rb4 35.Kf3
Rxb3 36.h4+ Kf5 37.Re7 g5 38.g4+
1-0

[Event "Landesjugendeinzelmeisterschaft M-V u18"]
[Site "Malchow 2024"]
[Date "2024.02.04"]
[Round "3.4"]
[White "Schott, Andy"]
[Black "Subocz, Gabriel"]
[Result "1/2-1/2"]
[WhiteElo "1665"]
[BlackElo "1322"]
[Time "14:30:00"]
[WhiteTeam "SG GÃ¼strow/Teterow"]
[BlackTeam "SAV Torgelow-DrÃ¶geheide 90"]

1.e4 c5 2.Nf3 d6 3.d4 cxd4 4.Nxd4 Nf6 5.Nc3 g6 6.Be2 Bg7 7.Be3 Nc6 8.g4 d5
9.Nxc6 bxc6 10.e5 Nd7 11.f4 e6 12.h4 f6 13.exf6 Qxf6 14.h5 Rb8 15.g5 Qf7 16.Bd4
c5 17.hxg6 hxg6 18.Rxh8+ Bxh8 19.Bxh8 Qh7 20.Be5 Nxe5 21.fxe5 Qh4+ 22.Kf1 Qh3+
23.Kg1 Qg3+ 24.Kh1
1/2-1/2

[Event "Landesjugendeinzelmeisterschaft M-V u18"]
[Site "Malchow 2024"]
[Date "2024.02.04"]
[Round "3.5"]
[White "Krause, Enrico"]
[Black "Karff, Tom"]
[Result "0-1"]
[WhiteElo "1619"]
[BlackElo "1446"]
[Time "14:30:00"]
[WhiteTeam "Think Rochade - SC HRO"]
[BlackTeam "SG GÃ¼strow/Teterow"]

1.c4 Nf6 2.Nc3 e6 3.e4 d6 4.d4 Nbd7 5.f4 c5 6.d5 e5 7.Nf3 Be7 8.Be2 a6 9.O-O O-O
10.h3 Nh5 11.fxe5 dxe5 12.Kh2 Nf4 13.Bxf4 exf4 14.Qd2 Bd6 15.Bd3 Ne5 16.Rae1
Nxf3+ 17.Rxf3 Be5 18.Kh1 Qh4 19.Bf1 Bg4 20.Rd3 f3 21.gxf3 Bxh3 22.Bxh3 Qxh3+
23.Kg1 Bd4+ 24.Rxd4 cxd4 25.Qxd4 Qg3+ 26.Kf1 Qxf3+ 27.Qf2 Qxf2+ 28.Kxf2 Rac8
29.Ke3 Rxc4 30.Kd3 Rc7 31.e5 Re8 32.Kd4 Rce7 33.Na4 Rd8 34.d6 Rxd6+
0-1

[Event "Landesjugendeinzelmeisterschaft M-V u18"]
[Site "Malchow 2024"]
[Date "2024.02.04"]
[Round "3.6"]
[White "Steinhauser, Oskar"]
[Black "KÃ¶pnick, Amanda"]
[Result "0-1"]
[WhiteElo "1166"]
[BlackElo "1355"]
[Time "14:30:00"]
[WhiteTeam "SSC Rostock 07"]
[BlackTeam "TuS Makkabi Rostock"]

1.e4 e5 2.Nf3 Nc6 3.d4 exd4 4.Nxd4 Qh4 5.Nxc6 Qxe4+ 6.Qe2 Qxe2+ 7.Bxe2 dxc6
8.O-O Bf5 9.Re1 O-O-O 10.c3 Bc5 11.b4 Be7 12.Bc4 Bf6 13.Bxf7 Nh6 14.Bb3 Rhe8
15.Be3 Ng4 16.Na3 Bxc3 17.Rac1 Bxe1 18.Rxe1 Nxe3 19.fxe3 Be6 20.Bc2 g6 21.Bb1
Rd2 22.Nc2 Bxa2 23.Bxa2 Rxc2 24.Bb3 Rb2 25.Bd1 Rxb4 26.Bf3 Kb8 27.e4 a5
0-1

[Event "Landesjugendeinzelmeisterschaft M-V u18"]
[Site "Malchow 2024"]
[Date "2024.02.04"]
[Round "3.7"]
[White "Gorski, Paul Peter"]
[Black "Willam, Max Bastian"]
[Result "1/2-1/2"]
[WhiteElo "1516"]
[BlackElo "1455"]
[Time "14:30:00"]
[WhiteTeam "Think Rochade - SC HRO"]
[BlackTeam "SSC Rostock 07"]

1.e4 e5 2.Nf3 Nc6 3.Bc4 Nf6 4.d3 h6 5.c3 Bc5 6.a4 a6 7.Nbd2 O-O 8.Nf1 d6 9.Ne3
Be6 10.Ba2 Qd7 11.b4 Ba7 12.O-O Ng4 13.Nd5 Bxd5 14.Bxd5 Nd8 15.h3 Nf6 16.Bb3 Ne6
17.Be3 Bxe3 18.fxe3 Rad8 19.Qc2 Ng5 20.Nxg5 hxg5 21.Rf5 g4 22.hxg4 Nxg4 23.Qe2
Nh6 24.Rg5 Kh7 25.Rf1 f6 26.Rg3 g6 27.Rh3 Kg7 28.Rg3 Rh8 29.Qf3 Rdf8 30.d4 Qe7
31.b5 axb5 32.axb5 c6 33.bxc6 bxc6 34.Bc4 Ra8 35.d5 c5 36.Bb5 Ra2 37.c4 Rha8
38.Bd7 Ra1 39.Bf5 Rxf1+ 40.Kxf1 g5 41.Qh5 Qf7 42.Rxg5+ fxg5 43.Qxg5+ Kf8
44.Qxh6+ Ke7 45.Qg5+ Qf6 46.Qxf6+ Kxf6 {(=)} 47.Bd7 Ra2 48.Bc6
1/2-1/2

[Event "Landesjugendeinzelmeisterschaft M-V u18"]
[Site "Malchow 2024"]
[Date "2024.02.04"]
[Round "3.8"]
[White "WellÃŸow, Keoki"]
[Black "Janssen, Joris Frederik"]
[Result "0-1"]
[WhiteElo "1599"]
[BlackElo "1606"]
[Time "14:30:00"]
[WhiteTeam "HSG Stralsund"]
[BlackTeam "TuS Makkabi Rostock"]

1.c4 Nf6 2.g3 c5 3.Bg2 Nc6 4.Nf3 g6 5.O-O Bg7 6.Nc3 O-O 7.a3 d6 8.Rb1 a5 9.e3
Na7 10.d4 Bf5 11.Ra1 Rc8 12.b3 Ne4 13.Bb2 Nxc3 14.Bxc3 b5 15.Rc1 b4 16.axb4 axb4
17.Bb2 Nc6 18.Nh4 Bd7 19.Qd2 Qc7 20.dxc5 Bxb2 21.Qxb2 dxc5 22.Ra1 Rfd8 23.Nf3
Bf5 24.Ng5 Rd7 25.Be4 e6 26.Bg2 h6 27.Ne4 Bxe4 28.Bxe4 Qe5 29.Qc2 f5 30.Bg2 Qg7
31.Ra6 Nd8 32.Rd1 Qe7 33.Rda1 Rcc7 34.Ra8 Ra7 35.Qb2 Rxa8 36.Rxa8 Qg7 37.Qa2
Rd1+ 38.Bf1 Qd7 39.Qa5 Qd3 40.Rxd8+ Qxd8 41.Qxc5 Qd3 42.Qc8+ Kf7 43.Qb7+ Kf6
44.Qg2 Qxb3 45.c5 Qc4 46.c6 b3 47.c7 Qxc7 48.Qa8 b2 49.Qh8+ Qg7
0-1

[Event "Landesjugendeinzelmeisterschaft M-V u18"]
[Site "Malchow 2024"]
[Date "2024.02.04"]
[Round "3.9"]
[White "Quade, Luca"]
[Black "Mochtak, Maximilian"]
[Result "1/2-1/2"]
[WhiteElo "1195"]
[BlackElo "1078"]
[Time "14:30:00"]
[WhiteTeam "TuS Makkabi Rostock"]
[BlackTeam "TuS Makkabi Rostock"]

1.e4 c5 2.Nf3 e6 3.d4 cxd4 4.Nxd4 Nc6 5.Be3 a6 6.c4 b6 7.Nxc6 dxc6 8.Qxd8+ Kxd8
9.Bxb6+ Ke8 10.Nc3 Rb8 11.c5 Nf6 12.b4 Rxb6 13.cxb6 Bxb4 14.Rb1 Bxc3+ 15.Ke2 Bb7
16.Kf3 Ke7 17.Rb3 Bd4 18.Bd3 Nd7 19.Rhb1 Kd6 20.a4 c5 21.Ke2 Rc8 22.Rc1 Ne5
23.f4 Nxd3 24.Kxd3 e5 25.f5
1/2-1/2

[Event "Offene LJ-Einzelmeisterschaft M-V u25"]
[Site "Malchow 2024"]
[Date "2024.02.04"]
[Round "3.1"]
[White "Markovych, Leonid"]
[Black "Ahmed Ibrahim, Labed"]
[Result "1-0"]
[WhiteElo "1428"]
[BlackElo "1474"]
[Time "14:30:00"]
[WhiteTeam "TuS Makkabi Rostock"]
[BlackTeam "SV Motor Wolgast 1949"]

1.e4 c5 2.Nf3 d6 3.c3 Nf6 4.h3 Nxe4 5.Qa4+ Nc6 6.Qxe4 g6 7.Bb5 Bd7 8.d3 Bg7
9.O-O a6 10.Ba4 b5 11.Bb3 O-O 12.Re1 e6 13.Bg5 Qc7 14.Nbd2 d5 15.Qh4 f6 16.Bh6
g5 17.Bxg5 fxg5 18.Nxg5 h6 19.Nxe6 Bxe6 20.Rxe6 c4 21.Bc2 Rf4 22.Rxc6 Qe5 23.Qg3
Raf8 24.Nf3 Qe2 25.Rc7 R4f7 26.Rxf7 Rxf7 27.Nd4 Qe7 28.dxc4 dxc4 29.Nf5 Qe2
30.Nxh6+ Kf8 31.Qb8+ Ke7 32.Qc7+
1-0

[Event "Offene LJ-Einzelmeisterschaft M-V u25"]
[Site "Malchow 2024"]
[Date "2024.02.04"]
[Round "3.3"]
[White "Fromm, Robert"]
[Black "BÃ¼hrt, Charlie"]
[Result "1-0"]
[WhiteElo "1488"]
[BlackElo "735"]
[Time "14:30:00"]
[WhiteTeam "ASV GrÃ¼n-WeiÃŸ Wismar"]
[BlackTeam "ESV Waren"]

1.f4 d5 2.d4 Nc6 3.e3 Nf6 4.h3 a6 5.Nf3 Bf5 6.Be2 e6 7.O-O Bd6 8.Bd2 O-O 9.c3 h6
10.Be1 Be4 11.Nbd2 Bxf3 12.Nxf3 Be7 13.Kh1 Qd6 14.Ne5 b5 15.a3 Nd7 16.g4 Kh7
17.Rg1 g6 18.Bd3 f5 19.gxf5 exf5 20.Rxg6 Bf6 21.Qh5
1-0

[Event "Offene LJ-Einzelmeisterschaft M-V u25"]
[Site "Malchow 2024"]
[Date "2024.02.04"]
[Round "3.4"]
[White "Raffaelli, Maja"]
[Black "Baerens, Lennart"]
[Result "0-1"]
[WhiteElo "870"]
[BlackElo "1039"]
[Time "14:30:00"]
[WhiteTeam "TuS Makkabi Rostock"]
[BlackTeam "SF Schwerin"]

1.e4 e5 2.Nf3 Nc6 3.Bc4 Nf6 4.d3 d5 5.exd5 Nxd5 6.c3 Bg4 7.h3 Bh5 8.d4 exd4
9.cxd4 Bb4+ 10.Nbd2 Nxd4 11.O-O Bxd2 12.Bxd2 Nxf3+ 13.gxf3 O-O 14.Qb3 c6 15.Qxb7
Qd6 16.Be2 Rfb8 17.Qa6 Rxb2 18.Qd3 Qe6 19.Kh2 Nf4 20.Bxf4 Rxe2 21.Be3 Bxf3
22.Rad1 Qe5+ 23.Kg1 f5 24.Rd2 Rxd2 25.Qxd2 Qe4 26.Re1 Re8 27.Kf1 Bg2+ 28.Kg1
Bxh3 29.f4 g5 30.fxg5 f4
0-1

[Event "Offene LJ-Einzelmeisterschaft M-V u25"]
[Site "Malchow 2024"]
[Date "2024.02.04"]
[Round "3.5"]
[White "Fissler, Lieselotte"]
[Black "RÃ¶seler, Ole"]
[Result "1/2-1/2"]
[WhiteElo "857"]
[BlackElo "911"]
[Time "14:30:00"]
[WhiteTeam "SAV Torgelow-DrÃ¶geheide 90"]
[BlackTeam "SG GÃ¼strow/Teterow"]

1.e4 c5 2.Nf3 e6 3.Nc3 Nf6 4.Bc4 Nc6 5.d3 d5 6.exd5 exd5 7.Qe2+ Be6 8.Bb3 g6
9.Ng5 Qd7 10.O-O O-O-O 11.Bf4 Nd4 12.Qd2 Nxb3 13.axb3 a6 14.d4 c4 15.bxc4 dxc4
16.Be5 Bg7 17.d5 Bxd5 18.Nxd5 Qxd5 19.Qxd5 Rxd5 20.Nxf7 Rf8 21.Nd6+ Kd7 22.Nxc4
Rc5 23.b3 b5 24.Nb6+ Kc6 25.Bd4 Kxb6 26.Bxc5+ Kxc5 27.Rxa6 Nd5 28.Rd1 Nb4 29.Ra7
Bd4 30.Rd2 Re8 31.Kf1 Bc3 32.Rc7+ Nc6 33.Rd1 h5 34.h3 Kb6 35.Rcd7 b4 36.g4 Ne5
37.R7d6+ Kc7 38.g5
1/2-1/2

[Event "Landesjugendeinzelmeisterschaft M-V u10"]
[Site "Malchow 2024"]
[Date "2024.02.05"]
[Round "4.3"]
[White "Aslanov, Kamran"]
[Black "Hammerich, Devon"]
[Result "1-0"]
[WhiteElo "995"]
[BlackElo "753"]
[Time "08:30:00"]
[WhiteTeam "SF Schwerin"]
[BlackTeam "SC Mecklenburger Springer"]

1.e4 e5 2.Nf3 Nc6 3.Nc3 Nf6 4.Bc4 Bc5 5.d3 Ng4 6.O-O O-O 7.h3 Nf6 8.Bg5 d6 9.Nd5
Qe8 10.Bxf6 Qe6 11.Ne7+ Nxe7 12.Bxe6 Bxe6 13.Bxe7 Rfe8 14.Bh4 Kh8 15.d4 exd4
16.Nxd4 Bd7 17.Nf5 Rxe4 18.Re1 Bxf5 19.Rxe4 Bxe4 20.Qe2 Re8 21.Re1 d5 22.Kf1
Bxg2+ 23.Kxg2 Rxe2 24.Rxe2 h6 25.Re1 Be7 26.Bxe7 b5 27.Bh4 a5 28.Bd8 a4 29.Bxc7
f5 30.Be5 h5 31.Kf3 Kh7 32.Kf4 g6 33.Kg5 b4 34.Bd4 Kg8 35.Kxg6 f4 36.Kxh5 Kf7
37.Kg5 f3 38.h4 Kg8 39.h5 Kf8 40.Kg6 Kg8 41.h6 Kf8 42.Bc5+ Kg8 43.h7+ Kh8
44.Bd4#
1-0

[Event "Landesjugendeinzelmeisterschaft M-V u12"]
[Site "Malchow 2024"]
[Date "2024.02.05"]
[Round "4.4"]
[White "Khanbekyan, Aram"]
[Black "Vollendorff, Lukas"]
[Result "1-0"]
[WhiteElo "1324"]
[BlackElo "1058"]
[Time "08:30:00"]
[WhiteTeam "Greifswalder SV"]
[BlackTeam "Think Rochade - SC HRO"]

1.e4 e5 2.Nf3 Nf6 3.Nxe5 d6 4.Nf3 Nxe4 5.Nc3 Nxc3 6.dxc3 Nc6 7.Be3 Be7 8.Qd2 Be6
9.O-O-O Qd7 10.Bb5 O-O-O 11.Bxa7 b6 12.Ba6#
1-0

[Event "Landesjugendeinzelmeisterschaft M-V u12"]
[Site "Malchow 2024"]
[Date "2024.02.05"]
[Round "4.1"]
[White "Briese, Sophie"]
[Black "Tran, Nhat Nam"]
[Result "1-0"]
[WhiteElo "1279"]
[BlackElo "1471"]
[Time "08:30:00"]
[WhiteTeam "SAV Torgelow-DrÃ¶geheide 90"]
[BlackTeam "Greifswalder SV"]

1.e4 e6 2.d4 d5 3.exd5 exd5 4.Bd3 Bd6 5.Nc3 c6 6.Nge2 Ne7 7.Bg5 f6 8.Bh4 Nf5
9.Bg3 Bxg3 10.hxg3 Qb6 11.Bxf5 Bxf5 12.Qc1 Nd7 13.Qe3+ Kf7 14.O-O-O a5 15.Rhe1
Rhe8 16.Qf3 Be4 17.Nxe4 Rxe4 18.Qh5+ Kg8 19.Nc3 g6 20.Qh3 Rxe1 21.Rxe1 Qd8
22.Rh1 Nf8 23.f4 Qe7 24.f5 Qe3+ 25.Kb1 Re8 26.a3 g5 27.Qh5 Re7 28.Qg4 Qf2 29.Rh6
Kg7 30.Rh2 Re1+ 31.Nd1 Qe2 32.Qh5 Qxd1+ 33.Ka2 Qa1+ 34.Kb3 Re3+ 35.c3 Rxg3
36.Qh6+ Kf7 37.Qh5+ Ke7 38.Qh6 Nd7 39.Qxh7+ Kd6 40.Qf7 b5 41.Rh7 a4+ 42.Kb4
Qxb2+ 43.Ka5 Qxc3+ 44.Ka6 Nb8+ 45.Kb7 Qa5 46.Qe7#
1-0

[Event "Landesjugendeinzelmeisterschaft M-V u12"]
[Site "Malchow 2024"]
[Date "2024.02.05"]
[Round "4.2"]
[White "KÃ¶nig, Lian"]
[Black "Wetzig, Karl Anton"]
[Result "1-0"]
[WhiteElo "1019"]
[BlackElo "1121"]
[Time "08:30:00"]
[WhiteTeam "SF Schwerin"]
[BlackTeam "SF Schwerin"]

1.e4 c5 2.Nc3 e6 3.d3 d5 4.g3 d4 5.Nce2 b6 6.Bg2 e5 7.f4 Nc6 8.Nf3 f6 9.Bd2 Nh6
10.h3 Be7 11.a3 Nf7 12.c3 dxc3 13.Nxc3 Nd4 14.Nd5 Ba6 15.Nxd4 cxd4 16.Qa4+ Qd7
17.Nc7+ Kd8 18.Qxd7+ Kxd7 19.Nxa6 Rhc8 20.Rc1 Rxc1+ 21.Bxc1 Rc8 22.Kd2 b5 23.Kd1
Rc6 24.Nb8+
1-0

[Event "Landesjugendeinzelmeisterschaft M-V u12"]
[Site "Malchow 2024"]
[Date "2024.02.05"]
[Round "4.6"]
[White "Hampe, Adrian"]
[Black "GÃ¼nther, Toni"]
[Result "0-1"]
[WhiteElo "936"]
[BlackElo "839"]
[Time "08:30:00"]
[WhiteTeam "Lok Gymnas Pritzwalk"]
[BlackTeam "SAV Torgelow-DrÃ¶geheide 90"]

1.e4 e6 2.Nf3 d5 3.exd5 exd5 4.d4 Bd6 5.Bd3 Ne7 6.O-O Bf5 7.Bxf5 Nxf5 8.Nc3 c6
9.Qe2+ Ne7 10.Bd2 O-O 11.Ne5 Re8 12.Nf3 Nd7 13.Nh4 Nf5 14.Qg4 Nxh4 15.Bg5 Be7
16.f4 Ng6 17.Bxe7 Rxe7 18.f5 Ngf8 19.f6 Nxf6 20.Rxf6 Re1+ 21.Rxe1 Qxf6 22.Rf1
Qe6 23.Qf4 f6 24.Qc7 Qc8 25.Qg3 Ne6 26.Qg4 Qd7 27.Ne2 Qf7 28.c3 Re8 29.Nf4 Nxf4
30.Qxf4 Re6 31.Qb8+ Qe8 32.Qxe8+ Rxe8 33.a4 a5 34.b4 b6 35.Rc1 axb4 36.cxb4 Rc8
37.b5 c5 38.dxc5 bxc5 39.b6 c4 40.b7 Rb8 41.Rb1 c3 42.a5 c2 43.Rc1 Rxb7 44.Rxc2
Kf7 45.Kf2 Ke6 46.Ke3 Kd6 47.Kd4 Rb4+ 48.Kc3 Rc4+ 49.Kd3 Ra4 50.Ke2 Rxa5 51.Rd2
Rc5 52.Ra2 Rc7 53.Ra3 Rc4 54.Ra7 Rg4 55.g3 f5 56.Ke3 h6 57.Kf3 Rg5 58.Kf4 Kc5
59.Ra4 Rg4+ 60.Kxf5 Rxa4 61.Kg6 d4 62.Kxg7 d3 63.Kxh6 d2 64.h4 d1=Q 65.Kg5 Qd5+
0-1

[Event "Landesjugendeinzelmeisterschaft M-V u12"]
[Site "Malchow 2024"]
[Date "2024.02.05"]
[Round "4.7"]
[White "Martinez, Victor"]
[Black "Feist, Jonas"]
[Result "0-1"]
[WhiteElo "812"]
[BlackElo "983"]
[Time "08:30:00"]
[WhiteTeam "Think Rochade - SC HRO"]
[BlackTeam "SAV Torgelow-DrÃ¶geheide 90"]

1.d4 d5 2.Qd3 Nc6 3.Bf4 Nf6 4.Nc3 e6 5.Nb5 Bd6 6.Qg3 Ne4 7.Qf3 O-O 8.Nh3 a6
9.Ng5 axb5 10.Qh5 h6 11.Nh3 Bxf4 12.Nxf4 Nxd4 13.Qe5 Nxc2+ 14.Kd1 Nxa1 15.Nh5
Nxf2+ 16.Ke1 f6 17.Qg3 Rf7 18.Qg6 Nxh1 19.e3 Kf8 20.Bxb5 c6 21.Bd3 Qd6 22.Qh7 g5
23.Qxh6+ Ke7 24.Bg6 Qb4+ 25.Ke2 Qxb2+ 26.Kf3 f5 27.Qxg5+ Ke8 28.Bxf7+ Kxf7
29.Kf4 e5+ 30.Kf3 Qf2#
0-1

[Event "Landesjugendeinzelmeisterschaft M-V u14"]
[Site "Malchow 2024"]
[Date "2024.02.05"]
[Round "4.1"]
[White "Herrmann, Jakob"]
[Black "Chandrasekher, Ritu"]
[Result "1-0"]
[WhiteElo "2031"]
[BlackElo "1387"]
[Time "08:30:00"]
[WhiteTeam "SAV Torgelow-DrÃ¶geheide 90"]
[BlackTeam "TuS Makkabi Rostock"]

1.Nf3 d5 2.g3 Nf6 3.Bg2 c6 4.O-O Bg4 5.h3 Bh5 6.c4 e6 7.Qb3 Qc7 8.d3 Nbd7 9.cxd5
exd5 10.Bf4 Qc8 11.Nc3 Be7 12.e4 dxe4 13.dxe4 Nc5 14.Qc2 Bg6 15.Nh4 O-O 16.Rad1
Qe6 17.Nxg6 hxg6 18.Rfe1 Rad8 19.Nd5 b6 20.b4 Nb7 21.Nxe7+ Qxe7 22.Qxc6 Nh5
23.Bc7 Rc8 24.Rc1 Nd8 25.Qd6 Qg5 26.Qd5 Qe7 27.Bd6 Qf6 28.Rxc8 Re8 29.g4 Re6
30.Be5
1-0

[Event "Landesjugendeinzelmeisterschaft M-V u14"]
[Site "Malchow 2024"]
[Date "2024.02.05"]
[Round "4.2"]
[White "Natsagdorj, Zelme"]
[Black "Eschrig, Immanuel"]
[Result "1-0"]
[WhiteElo "1404"]
[BlackElo "1459"]
[Time "08:30:00"]
[WhiteTeam "SC Mecklenburger Springer"]
[BlackTeam "Greifswalder SV"]

1.e4 Nc6 2.d4 d5 3.Nc3 dxe4 4.Bb5 Bd7 5.Be3 Nf6 6.h3 e6 7.a3 a6 8.Ba4 Qe7 9.Nge2
O-O-O 10.Ng3 Be8 11.Bxc6 Bxc6 12.Qe2 e5 13.Rd1 h5 14.dxe5 Rxd1+ 15.Qxd1 Qxe5
16.Bd4 Qe6 17.O-O h4 18.Nge2 g5 19.Bxf6 Qxf6 20.Nd4 Rg8 21.Nxc6 Qxc6 22.Qg4+ Kb8
23.Nxe4 Qxc2 24.Nf6 Rh8 25.Nd7+ Ka8 26.Qd4 Rg8 27.Qf6 g4 28.Qd8+ Ka7 29.Qb8#
1-0

[Event "Landesjugendeinzelmeisterschaft M-V u14"]
[Site "Malchow 2024"]
[Date "2024.02.05"]
[Round "4.3"]
[White "SchrÃ¶der, Hannes Artur"]
[Black "Gavrylyuk, Oleksandr"]
[Result "1/2-1/2"]
[WhiteElo "1310"]
[BlackElo "1390"]
[Time "08:30:00"]
[WhiteTeam "SG Eintracht Neubrandenburg"]
[BlackTeam "TuS Makkabi Rostock"]

1.e4 c5 2.Nf3 e6 3.d4 cxd4 4.Nxd4 Nf6 5.Nc3 Bb4 6.Bg5 Qa5 7.Bd2 Nc6 8.Nb3 Qd8
9.Bd3 O-O 10.Qe2 d5 11.exd5 Nxd5 12.Nxd5 Bxd2+ 13.Qxd2 Qxd5 14.O-O b6 15.Rad1
Bb7 16.Qe3 Qe5 17.Qe4 g6 18.Qxe5 Nxe5 19.Rfe1 Nxd3 20.Rxd3 Rfd8 21.Red1 Rxd3
22.Rxd3 Kf8 23.f3 Ke7 24.Kf2 Rc8 25.Rd2
1/2-1/2

[Event "Landesjugendeinzelmeisterschaft M-V u14"]
[Site "Malchow 2024"]
[Date "2024.02.05"]
[Round "4.4"]
[White "Vakeel, Eshwar"]
[Black "Wilke, Ronja"]
[Result "1/2-1/2"]
[WhiteElo "1324"]
[BlackElo "1202"]
[Time "08:30:00"]
[WhiteTeam "SSC Rostock 07"]
[BlackTeam "SAV Torgelow-DrÃ¶geheide 90"]

1.e4 c6 2.d4 d5 3.exd5 cxd5 4.Bd3 Nc6 5.c3 g6 6.h3 Bg7 7.Nf3 Nh6 8.O-O O-O 9.Bf4
f6 10.Qd2 Nf7 11.Re1 e5 12.dxe5 fxe5 13.Bg5 Nxg5 14.Qxg5 e4 15.Bxe4 dxe4 16.Rxe4
Bf5 17.Re1 Qxg5 18.Nxg5 Rfe8 19.Nd2 Rad8 20.Nb3 b5 21.g4 Bc8 22.f3 Bb7 23.Nc5
Ba8 24.Rxe8+ Rxe8 25.Nge4 Ne5 26.Kf2 Bxe4 27.Nxe4 Nd3+ 28.Ke2 Nf4+ 29.Kf2 h6
30.Kg3 Be5 31.Rd1 Re7 32.Rd2 Kg7 33.h4 a5 34.Kf2
1/2-1/2

[Event "Landesjugendeinzelmeisterschaft M-V u14"]
[Site "Malchow 2024"]
[Date "2024.02.05"]
[Round "4.5"]
[White "Wrage, Julius"]
[Black "Jakobi, Paul Leonhard"]
[Result "1-0"]
[WhiteElo "1237"]
[BlackElo "1054"]
[Time "08:30:00"]
[WhiteTeam "SAV Torgelow-DrÃ¶geheide 90"]
[BlackTeam "SF Schwerin"]

1.e4 e5 2.Nf3 Nc6 3.Bb5 a6 4.Ba4 b5 5.Bb3 Nf6 6.O-O Bc5 7.c3 d6 8.d4 Ba7 9.Re1
O-O 10.h3 Re8 11.Qd3 h6 12.Nbd2 Rb8 13.a3 a5 14.Nf1 b4 15.axb4 axb4 16.Qc4 Qd7
17.d5 Bc5 18.dxc6 Qe7 19.Be3 Be6 20.Qd3 Bxb3 21.c4 Bxe3 22.Nxe3 Bxc4 23.Qxc4 Rb6
24.Nd5 Nxd5 25.exd5 Reb8 26.Ra4 f6 27.Re3 Qf7 28.Rb3 Qg6 29.Rbxb4 Qb1+ 30.Kh2
Qd1 31.Rxb6 Rxb6 32.Ra8+ Kf7 33.Rc8 Rxb2 34.Rxc7+ Kg6 35.Qg4+
1-0

[Event "Landesjugendeinzelmeisterschaft M-V u14"]
[Site "Malchow 2024"]
[Date "2024.02.05"]
[Round "4.6"]
[White "Martinez, Gabriel"]
[Black "Stier, Edgar"]
[Result "1/2-1/2"]
[WhiteElo "981"]
[BlackElo "972"]
[Time "08:30:00"]
[WhiteTeam "Think Rochade - SC HRO"]
[BlackTeam "ESV Waren"]

1.e4 e5 2.Nf3 Nc6 3.Nc3 Nf6 4.Bb5 d6 5.d3 Bd7 6.Bc4 Be7 7.O-O O-O 8.Ng5 Ng4
9.Nf3 Nd4 10.h3 Nxf3+ 11.Qxf3 Nf6 12.Qg3 g6 13.Bh6 Nh5 14.Qf3 Ng7 15.Bd5 c6
16.Bb3 Bg5 17.Bxg5 Qxg5 18.Ne2 Be6 19.Qe3 Qxe3 20.fxe3 Bxb3 21.axb3 a5 22.Rf6
Ne6 23.d4 Kg7 24.Rff1 b5 25.b4 axb4 26.Rxa8 Rxa8 27.dxe5 dxe5 28.c3 b3 29.Rb1
Nc5 30.Nc1 f5 31.exf5 gxf5 32.Ne2 Nd3 33.Nc1 Nxc1 34.Rxc1 c5 35.Kf2 Ra2 36.Rb1
Kf6 37.Ke2 Kg5 38.Kf3 f4 39.exf4+ exf4
1/2-1/2

[Event "Landesjugendeinzelmeisterschaft M-V u14"]
[Site "Malchow 2024"]
[Date "2024.02.05"]
[Round "4.7"]
[White "Asmussen, Henry"]
[Black "Stepanjan, Tatevik Mia"]
[Result "0-1"]
[WhiteElo "1192"]
[BlackElo "1337"]
[Time "08:30:00"]
[WhiteTeam "HSG Stralsund"]
[BlackTeam "ESV 1888 Wittenberge"]

1.e4 c5 2.Nf3 Nc6 3.Bc4 e6 4.Nc3 Nf6 5.d3 Be7 6.O-O O-O 7.Bf4 d5 8.Bb3 b6 9.e5
Nd7 10.Nb5 a6 11.Nd6 f6 12.Nxc8 Rxc8 13.Re1 fxe5 14.Bxe5 Ndxe5 15.Nxe5 Bf6
16.Qh5 Nxe5 17.Rxe5 Bxe5 18.Qxe5 Qf6 19.Qe1 c4 20.dxc4 dxc4 21.Ba4 b5 22.Bxb5
axb5 23.Rb1 Qf5 24.c3 Rcd8 25.b3 Rd2 26.bxc4 bxc4 27.f3 Rxa2 28.Rb6 Qc5+
0-1

[Event "Landesjugendeinzelmeisterschaft M-V u14"]
[Site "Malchow 2024"]
[Date "2024.02.05"]
[Round "4.8"]
[White "Isaiev, Andrii"]
[Black "BÃ¼hrt, Matteo"]
[Result "1/2-1/2"]
[WhiteElo "967"]
[BlackElo "795"]
[Time "08:30:00"]
[WhiteTeam "TuS Makkabi Rostock"]
[BlackTeam "ESV Waren"]

1.d4 d5 2.Nf3 Nf6 3.Bf4 Nc6 4.e3 Bf5 5.Bb5 e6 6.a3 Bd6 7.Ne5 Bxe5 8.Bxc6+ bxc6
9.dxe5 Ne4 10.Nc3 Nxc3 11.bxc3 Rb8 12.Rb1 O-O 13.O-O Qe7 14.Rxb8 Rxb8 15.Qc1 Qc5
16.Qd2 Qxa3 17.f3 Qa2 18.e4 Bg6 19.Rc1 Rb1 20.Rxb1 Qxb1+ 21.Kf2 Qh1 22.c4
1/2-1/2